000 00670nam a2200253Ia 4500
003 OSt
005 20220918173802.0
006 a|||||r|||| 00| 0
007 ta
008 220917b |||||||| |||| 00| 0 eng d
024 _a8,276
037 _cTextual
040 _aARTS
_cARTS
_beng
041 _2eng
_aeng
082 _a24, L9 (2D)
100 _aAshworth Wilfred
_947419
245 0 _aSpecial librarianship
260 _aLondon
_bClive Bingley
_c1979
300 _a120p
_ccm.
490 _aOutlines of morden librarianship; 2
650 _aLIBRARY SCIENCE
942 _h24, L9 (2D)
_cTEXL
_2CC
999 _c150066
_d150066